Pays d'Europe en 1815 (avec carte) - Statistiques

Statistiques générales
  • Ce quiz a été pris 744 fois
  • Le résultat moyen est 24 sur 44
Réponses sur la Carte
Les réponses sont colorées sur une échelle allant du rouge au vert en fonction du pourcentage des utilisateurs qui les ont devinées à leur premier essai. Vous pouvez retrouver ces pourcentages ci-dessous.
 
Statistiques - réponses
Réponse % Correct
France
100%
Empire espagnol
99%
Portugal
99%
Empire russe
98%
Grande-Bretagne et d'Irlande
98%
Norvège
97%
Suède
97%
Danemark
95%
Confédération suisse
92%
Empire ottoman
92%
Empire autrichien
91%
Pays-Bas
90%
Luxembourg
88%
Prusse
87%
Sardaigne
82%
Bavière
64%
Monaco
58%
Andorre
54%
Liechtenstein
53%
République de Saint-Marin
52%
Saxe-Weimar-Eisenach
51%
Saxe
50%
États pontificaux
49%
Hambourg
48%
Toscane
46%
Montenegro
45%
Deux-Siciles
44%
Brême
34%
Hanovre
34%
Bade
30%
Francfort
28%
Wurtemberg
27%
Électorat de Hesse
24%
Hesse
24%
Parme
22%
Cracovie
19%
Modené
19%
Mecklembourg
18%
Lucques
15%
Anhalt
11%
Brunswick
11%
Oldenbourg
11%
Nassau
8%
Hohenzollern
7%
Aucun quiz correspondant
Distribution des résultats
% des personnes avec chaque résultat
Percentile par nombre de réponses
Votre historique - résultats
Vous n’avez pas pris ce quiz